000 00356 a2200157 4500
001 151792
040 _cEscola São Tomás de Aquino
100 _aPELLEGRINI, Domingos
240 1 0 _aProfessor milionário
_lpor
245 1 0 _aProfessor milionário
300 _a115
362 0 _a2009
440 1 _aFTD
697 _a*LITERATURA JUVENIL
942 _cBK
999 _c151792
_d151792